| 000 | 00974nam0a2200265 4500 | ||
|---|---|---|---|
| 001 | RU\NLR\ONL1\3720 | ||
| 005 | 20250613114240.0 | ||
| 035 | _a(NLR Aleph) 009632473 | ||
| 090 |
_a9502502 _c9502502 |
||
| 100 | _a20040723d1992 |||y0rusy50 ca | ||
| 101 | 0 | _achm | |
| 102 | _aRU | ||
| 105 | _aa ||||||||| | ||
| 200 | 1 |
_aМарий калык ойпого _eОлык марий йомак-влак _dМарийский фольклор _eСказки луговых мари _f[Сост., предисл. и коммент. С. С. Сабитова] |
|
| 210 |
_aЙошкар-Ола _cМар. кн. изд-во _d1992 |
||
| 215 |
_a363,[1] с. _cил. _d22 |
||
| 606 | 0 |
_aМарийский фольклор _91234516 _3RU\NLR\auth\66186028 |
|
| 686 | 1 | _aШ3(235=Мар)-615.1 | |
| 702 | 1 |
_aСабитов _bС. С. _4220 |
|
| 801 | 0 |
_aRU _bNLR _c20040723 _gPSBO |
|
| 852 |
_aNLR _bОНЛ _jМар.л./3-2328 |
||
| 942 | _cBOOK | ||
| 980 | _aNB | ||